[Event "Eq:La Taverne-Cats in the rain : "]
[Site "www.chess-mail.com"]
[Date "2015.05.07"]
[Round "1"]
[White "Amaya"]
[Black "Traub"]
[WhiteElo "2000"]
[BlackElo "1730"]
[Result "0-1"]
[Round "1"]
1.d4 d5
2.e3 e6
3.Bf1d3 c5
4.c3 c4
5.Bd3c2 Nb8c6
6.Nb1d2 Ng8f6
7.f4 g6
8.Ng1f3 Bf8g7
9.O-O O-O
10.Nf3e5 Nc6xe5
11.fxe5 Nf6e8
12.e4 f5
13.exf5 exf5
14.Nd2f3 Bc8e6
15.Nf3g5 Qd8e7
16.Qd1e1 h6
17.Ng5xe6 Qe7xe6
18.Qe1h4 Kh7
19.Rf1f3 Rf8h8
20.b3 Kg8
21.bxc4 dxc4
22.Bc1a3 b5
23.Ba3c5 Ne8c7
24.Bc5e7 g5
25.Be7xg5 hxg5
26.Qh4xg5 Qe6h6
27.Qg5xh6 Rh8xh6
28.Bc2xf5 Nc7d5
29.Bf5e6 Rh6xe6
30.Ra1f1 b4
31.cxb4 Nd5xb4
32.a3 Nb4d3
33.Rf3g3 Ra8f8
34.Rf1b1 Nd3f4
35.Rb1b7 Nf4e2
{ resign }
0-1

[Event "Eq:La Taverne-Los Tercios : "]
[Site "www.chess-mail.com"]
[Date "2015.05.07"]
[Round "1"]
[White "Churrasca"]
[Black "Gilliere"]
[WhiteElo "2070"]
[BlackElo "1800"]
[Result "1-0"]
[Round "1"]
1.e4 e5
2.Ng1f3 d6
3.d4 exd4
4.Nf3xd4 h6
5.Nb1c3 Ng8f6
6.Bf1e2 a6
7.Bc1e3 Nb8d7
8.O-O Bf8e7
9.f4 O-O
10.Qd1e1 Rf8e8
11.Ra1d1 Be7f8
12.e5 dxe5
13.fxe5 Nf6h7
14.Qe1g3 g5
15.Be2c4 Nd7xe5
16.Bc4b3 c5
17.Nd4f3 Ne5xf3
18.Rf1xf3 Qd8a5
19.Bb3xf7 Kg7
20.Bf7xe8 { resign }
1-0

[Event "Eq:chess tigers-Angels of Checkmate : "]
[Site "www.chess-mail.com"]
[Date "2015.05.07"]
[Round "1"]
[White "Neverless"]
[Black "Billyg"]
[WhiteElo "2660"]
[BlackElo "1620"]
[Result "1-0"]
[Round "1"]
1.e4 e5
2.Ng1f3 f6
3.Bf1c4 Ng8e7
4.Nb1c3 d6
5.d4 c6
6.dxe5 dxe5
7.Bc4f7 Kxf7
8.Qd1xd8 Nb8d7
9.h4 Ne7g6
10.h5 Ng6e7
11.Bc1e3 g6
12.O-O-O b5
13.hxg6 Ne7xg6
14.Rd1xd7 Ng6e7
15.Rd7xe7 Kg8
16.Be3h6 { resign }
1-0

[Event "Fast Game"]
[Site "www.echecsemail.com"]
[Date "2015.05.07"]
[Round "1"]
[White "Aggiesam"]
[Black "Derfel83"]
[WhiteElo "1630"]
[BlackElo "1550"]
[Result "0-1"]
[Round "1"]
1.e4 e6
2.Ng1h3 b6
3.Nb1c3 Bc8b7
4.Bf1c4 d5
5.Bc4b5 c6
6.Bb5xc6 Nb8xc6
7.d3 dxe4
8.Bc1g5 Bf8e7
9.Bg5xe7 Ng8xe7
10.O-O exd3
11.cxd3 Nc6b4
12.Qd1a4 Nb4c6
13.Ra1d1 O-O
14.Nh3f4 Nc6d4
15.Nc3b5 Nd4xb5
16.Qa4xb5 Ne7d5
17.Qb5c4 Qd8g5
18.Nf4h3 Qg5g6
19.Rd1e1 Nd5e3
20.Nh3f4 Ne3xc4
21.Nf4xg6 hxg6
22.dxc4 Bb7a6
23.b3 Rf8d8
24.Re1e5 Rd8d2
25.Rf1a1 Ra8d8
26.Re5e1 f5
27.Kf1 b5
28.Re1xe6 Rd8d6
 { time }
0-1

[Event "Tourn. n8110"]
[Site "www.chess-mail.com"]
[Date "2015.05.07"]
[Round "1"]
[White "Servant"]
[Black "Iko"]
[WhiteElo "1640"]
[BlackElo "1490"]
[Result "1-0"]
[Round "1"]
1.d4 d5
2.Nb1c3 Ng8f6
3.Ng1f3 e6
4.Bc1g5 h6
5.Bg5h4 g5
6.Bh4g3 Nb8c6
7.e3 Bf8d6
8.Bg3xd6 Qd8xd6
9.Qd1d2 Nf6e4
10.Nc3xe4 dxe4
11.Nf3e5 Nc6xe5
12.dxe5 Qd6xe5
13.O-O-O Bc8d7
14.Qd2xd7 Kf8
15.Bf1c4 Qe5c5
16.Bc4b3 Kg7
17.Bb3xe6 Kf6
18.Be6b3 Ra8d8
19.Qd7xd8 Rh8xd8
20.Rd1xd8 Qc5e7
21.Rh1d1 Qe7e5
22.g3 Qe5f5
23.Rd1d2 Qf5h3
24.Rd8d7 Qh3f1
25.Rd2d1 Qf1xf2
26.Rd7xf7 Kg6
27.Rf7xf2 g4
28.Bb3e6 c5
29.Rd1d7 b5
30.Be6xg4 h5
31.Bg4xh5 Kxh5
32.Rd7g7 Kh6
33.Rg7g4 Kh5
34.h3 a5
35.Rf2f8 c4
36.Rf8h8 
1-0

[Event "Tourn. n8152"]
[Site "www.chess-mail.com"]
[Date "2015.05.07"]
[Round "1"]
[White "Wrightdjohn"]
[Black "Difficult"]
[WhiteElo "2160"]
[BlackElo "2060"]
[Result "0-1"]
[Round "1"]
1.e4 c6
2.d4 d5
3.Nb1c3 g6
4.h3 Bf8g7
5.Ng1f3 Ng8h6
6.Bf1d3 dxe4
7.Nc3xe4 Nh6f5
8.c3 O-O
9.Bc1f4 Nf5d6
10.O-O Nd6xe4
11.Bd3xe4 Nb8d7
12.Qd1d2 Nd7f6
13.Be4c2 Bc8e6
14.Bf4h6 Be6d5
15.Bh6xg7 Kxg7
16.Rf1e1 Bd5xf3
17.gxf3 Qd8d6
18.Kg2 Ra8d8
19.Ra1d1 Nf6h5
20.Re1e4 Qd6f6
21.Rd1g1 e6
22.Kf1 c5
23.Re4e5 Qf6xe5
{ resign }
0-1

[Event "Match"]
[Site "www.echecsemail.com"]
[Date "2015.05.07"]
[Round "1"]
[White "Holmjb"]
[Black "Amaya"]
[WhiteElo "2050"]
[BlackElo "2020"]
[Result "1-0"]
[Round "1"]
1.c4 g6
2.g3 Bf8g7
3.Bf1g2 Ng8f6
4.Nb1c3 O-O
5.Ng1f3 d6
6.d4 Nb8d7
7.O-O c6
8.e3 Nd7b6
9.b3 Bc8g4
10.h3 Bg4d7
11.Bc1b2 Qd8c8
12.Kh2 Rf8e8
13.Ra1c1 Bg7h6
14.Nf3d2 e6
15.Nd2e4 Nf6xe4
16.Nc3xe4 Bh6g7
17.Ne4xd6 Qc8d8
18.Nd6xe8 Qd8xe8
19.c5 Nb6d5
20.e4 Nd5c7
21.e5 Nc7d5
22.a3 f6
23.Bg2xd5 exd5
24.Rf1e1 Qe8f7
25.f4 fxe5
26.dxe5 Bd7e6
27.Re1f1 Qf7f5
28.g4 Qf5e4
29.Qd1f3 Ra8d8
30.b4 a5
31.Qf3xe4 dxe4
32.Rc1d1 Rd8e8
33.bxa5 Be6b3
34.Rd1d7 Bb3c4
35.Rf1e1 Bc4d5
36.Rd7xb7 Bg7f8
37.Bb2d4 Re8a8
38.Re1a1 Ra8xa5
39.a4 Bf8xc5
40.Bd4c3 Ra5a6
41.f5 Bc5e3
42.f6 Be3f4
43.Kg1 c5
44.Rb7g7 Kf8
45.Ra1b1 Ra6a8
46.Rg7xh7 Bf4e3
47.Kg2 Be3f4
48.a5 e3
49.Kg1 e2
50.Kf2 { resign }
1-0

[Event "Match"]
[Site "www.echecsemail.com"]
[Date "2015.05.07"]
[Round "1"]
[White "F14"]
[Black "Crush"]
[WhiteElo "1870"]
[BlackElo "1650"]
[Result "1-0"]
[Round "1"]
1.d4 d5
2.Ng1f3 e6
3.c4 dxc4
4.e4 Ng8f6
5.e5 Nf6e4
6.Bf1xc4 f6
7.exf6 Qd8xf6
8.O-O Nb8c6
9.Nb1d2 Ne4xd2
10.Qd1xd2 Bf8b4
11.Qd2g5 Qf6f7
12.a3 b6
13.axb4 Nc6xb4
14.Nf3e5 Qf7f6
15.Bc4b5 Ke7
16.Qg5d2 Bc8b7
17.Qd2xb4 Kd8
18.Bb5c6 Bb7xc6
19.Ne5xc6 Kd7
20.Qb4b5 a6
21.Nc6e5 Kc8
22.Qb5d7 Kb7
23.Qd7c6 Kb8
24.Ne5d7 Kc8
25.Nd7xf6 a5
26.Qc6xa8 
1-0

[Event "Match"]
[Site "www.echecsemail.com"]
[Date "2015.05.07"]
[Round "1"]
[White "Arnpriorite"]
[Black "Silent1"]
[WhiteElo "2230"]
[BlackElo "1950"]
[Result "1/2-1/2"]
[Round "1"]
1.e4 e5
2.Ng1f3 d6
3.Nb1c3 Ng8f6
4.Bf1c4 Bf8e7
5.O-O O-O
6.d4 exd4
7.Nf3xd4 Bc8d7
8.f4 Nb8c6
9.Bc1e3 Nc6xd4
10.Qd1xd4 a6
11.Bc4e2 Bd7c6
12.Nc3d5 Nf6xd5
13.exd5 Be7f6
14.Qd4b4 Bc6xd5
15.c4 Bd5c6
16.Ra1e1 b6
17.Be2f3 Bc6xf3
18.Rf1xf3 a5
19.Qb4d2 Rf8e8
20.Be3f2 Re8xe1
21.Qd2xe1 Bf6xb2
22.Rf3e3 Bb2f6
23.g4 Bf6d4
24.Re3e4 Bd4xf2
25.Qe1xf2 Qd8d7
26.Qf2e2 Kf8
27.h3 Ra8e8
28.Re4xe8 Qd7xe8
29.Qe2c2 Qe8e3
30.Kg2 Qe3xf4
31.Qc2xh7 Qf4h6
32.Qh7f5 Qh6d2
33.Kg3 Qd2e3
34.Kh4 Qe3h6
35.Kg3 Qh6e3
36.Kh4 Qe3h6
37.Kg3 { draw }
1/2-1/2

[Event "Tourn. n8085"]
[Site "www.chess-mail.com"]
[Date "2015.05.07"]
[Round "1"]
[White "Xkafi"]
[Black "Difficult"]
[WhiteElo "1990"]
[BlackElo "2110"]
[Result "0-1"]
[Round "1"]
1.e4 g6
2.d4 Bf8g7
3.e5 d6
4.f4 dxe5
5.fxe5 c5
6.c3 cxd4
7.cxd4 Nb8c6
8.Ng1f3 Ng8h6
9.Bf1c4 O-O
10.h3 Nh6f5
11.Bc1f4 Nc6xd4
12.Nf3xd4 Nf5xd4
13.O-O Bc8e6
14.Bc4d3 Nd4c6
15.Qd1e2 Qd8d4
16.Kh1 Ra8d8
17.Bd3b5 Qd4b6
18.Bb5xc6 Qb6xc6
19.Nb1c3 Be6c4
20.Qe2c2 Bc4xf1
21.Ra1xf1 b5
22.a3 a5
23.Bf4g5 Rd8d7
24.Qc2e2 b4
25.axb4 axb4
26.Nc3a2 Qc6d5
27.Na2xb4 Qd5xe5
28.Qe2g4 Rd7d4
29.Rf1f4 Qe5e1
30.Kh2 Bg7e5
31.Nb4c2 Be5xf4
32.Bg5xf4 Rd4xf4
33.Qg4xf4 Qe1b1
34.Nc2d4 Qb1xb2
35.Nd4c6 Qb2f6
36.Qf4c7 Qf6d6
37.Qc7xd6 exd6
38.Kg3 Rf8e8
39.Kf4 d5
40.g4 Re8e4
41.Kf3 Kf8
42.h4 h5
43.gxh5 gxh5
44.Kg3 Re4c4
45.Nc6e5 Rc4c3
46.Kf4 Ke7
47.Kf5 Rc3c4
{ resign }
0-1

[Event "Tourn. n8117"]
[Site "www.chess-mail.com"]
[Date "2015.05.07"]
[Round "1"]
[White "Tenzinnima"]
[Black "Blackpool"]
[WhiteElo "1900"]
[BlackElo "1940"]
[Result "0-1"]
[Round "1"]
1.d4 d5
2.c4 e5
3.dxe5 d4
4.Bc1f4 Nb8c6
5.Ng1f3 Bc8g4
6.e3 Bf8b4
7.Nb1d2 Bg4xf3
8.Qd1xf3 Bb4xd2
9.Kxd2 dxe3
10.Kxe3 Qd8d4
11.Ke2 Qd4xc4
12.Ke1 Qc4b4
13.Bf4d2 Qb4b6
14.Bd2c3 Ng8e7
15.Bf1d3 O-O
 { time }
0-1

[Event "Tourn. n8161"]
[Site "www.chess-mail.com"]
[Date "2015.05.07"]
[Round "1"]
[White "Alexgabib"]
[Black "Swampcat"]
[WhiteElo "1499"]
[BlackElo "1490"]
[Result "0-1"]
[Round "1"]
1.e4 e6
2.d4 d5
3.exd5 Qd8xd5
4.Nb1c3 Qd5a5
5.Ng1f3 Bf8b4
6.Bc1d2 Nb8c6
7.Bf1d3 Ng8f6
8.O-O Qa5b6
 { time }
0-1

[Event "Tourn. n8147"]
[Site "www.chess-mail.com"]
[Date "2015.05.07"]
[Round "1"]
[White "Anja"]
[Black "Norwich"]
[WhiteElo "1680"]
[BlackElo "1610"]
[Result "1/2-1/2"]
[Round "1"]
1.d4 c5
2.d5 Ng8f6
3.c4 e6
4.d6 Qd8b6
5.Bc1f4 Nb8c6
6.Ng1f3 Nf6e4
7.Nb1c3 Ne4xc3
8.bxc3 g6
9.e4 Bf8g7
10.e5 O-O
11.Bf1e2 f6
12.exf6 Bg7xf6
13.Qd1d2 Qb6a5
14.Ra1c1 Bf6xc3
15.Qd2xc3 Qa5xc3
16.Rc1xc3 Rf8xf4
17.O-O b6
18.Rf1d1 Bc8b7
19.g3 Rf4f6
20.Nf3d2 Nc6d4
21.Be2d3 Ra8f8
22.f4 Kg7
23.Bd3f1 h6
24.Rc3a3 Rf8a8
25.Bf1g2 Bb7xg2
26.Kxg2 h5
{ draw }
1/2-1/2

[Event "Tourn. n8167"]
[Site "www.chess-mail.com"]
[Date "2015.05.07"]
[Round "1"]
[White "Llcervello"]
[Black "Anja"]
[WhiteElo "1670"]
[BlackElo "1670"]
[Result "0-1"]
[Round "1"]
1.d4 f5
2.f4 Ng8f6
3.Qd1d3 g6
4.c4 Bf8g7
5.c5 O-O
6.e3 d6
7.Qd3c4 e6
8.Nb1c3 Qd8e8
9.Nc3b5 Nf6d5
10.cxd6 c6
11.Qc4a4 cxb5
12.Bf1xb5 Bc8d7
13.Bb5xd7 Qe8xd7
14.Qa4b3 Nb8c6
15.Bc1d2 Ra8b8
16.Qb3a3 Rf8d8
17.Bd2a5 Nc6xa5
18.Qa3xa5 Nd5xe3
19.Qa5xa7 Ne3c2
20.Kf2 Bg7xd4
21.Qa7xd4 Nc2xd4
22.Ng1e2 Nd4xe2
23.Kxe2 Qd7xd6
24.g3 Qd6d2
25.Kf1 Qd2xb2
26.Ra1e1 Rd8d2
27.h4 Rd2f2
28.Kg1 Rf2g2
29.Kf1 Qb2f2
{ resign }
0-1

[Event "Tourn. n8148"]
[Site "www.chess-mail.com"]
[Date "2015.05.07"]
[Round "1"]
[White "Passaroa25"]
[Black "Oliverio"]
[WhiteElo "1560"]
[BlackElo "1590"]
[Result "0-1"]
[Round "1"]
1.e4 e5
2.Ng1e2 Ng8f6
3.Ne2g3 Nb8c6
4.c3 d5
5.Bf1d3 Bc8g4
6.Bd3e2 Bg4e6
7.f3 d4
8.d3 Bf8e7
9.Nb1d2 O-O
10.Qd1c2 Qd8d7
11.Nd2b3 a5
12.O-O a4
13.Nb3d2 a3
14.b4 dxc3
15.b5 Nc6d4
16.Qc2xc3 Be7d6
17.Be2d1 Nd4xb5
18.Qc3c2 Nb5d4
19.Qc2b1 b5
20.Ng3e2 Bd6c5
21.Rf1e1 Nd4xe2
22.Kf1 Ne2f4
23.Nd2b3 Be6xb3
24.Bd1xb3 Bc5d4
25.Bc1xf4 Bd4xa1
26.Bb3xf7 Rf8xf7
27.Qb1xa1 Qd7xd3
28.Re1e2 exf4
29.Ke1 Ra8a4
30.Qa1d1 Ra4d4
31.Qd1xd3 Rd4xd3
32.e5 Nf6e8
33.e6 Rf7f5
34.g4 fxg3
35.hxg3 Rf5xf3
36.g4 c5
37.e7 c4
38.Re2d2 Kf7
39.Ke2 b4
40.Kd1 b3
41.axb3 cxb3
42.Ke2 Rd3e3
43.Kd1 Rf3f1

0-1

[Event "Tourn. n8165"]
[Site "www.chess-mail.com"]
[Date "2015.05.07"]
[Round "1"]
[White "Oliverio"]
[Black "Rodemund"]
[WhiteElo "1640"]
[BlackElo "1610"]
[Result "1-0"]
[Round "1"]
1.e4 a6
2.d4 e6
3.c4 Ng8e7
4.Nb1c3 h6
5.f4 g6
6.Ng1f3 c6
7.d5 c5
8.d6 Ne7c6
9.Bc1e3 b6
10.Bf1d3 Bf8g7
11.e5 Nc6b4
12.Bd3e4 Nb8c6
13.a3 f5
14.exf6 Bg7xf6
15.axb4 cxb4
16.Be4xg6 Kf8
17.Nc3a4 Rh8g8
18.Be3xb6 { resign }
1-0

[Event "Match"]
[Site "www.echecsemail.com"]
[Date "2015.05.07"]
[Round "1"]
[White "Castletyme"]
[Black "Sorren"]
[WhiteElo "1870"]
[BlackElo "1840"]
[Result "1-0"]
[Round "1"]
1.e4 e5
2.Ng1f3 Nb8c6
3.Bf1b5 a6
4.Bb5xc6 dxc6
5.Nf3xe5 Qd8d4
6.O-O Qd4xe5
7.d3 Ng8f6
8.f3 Qe5d4
9.Kh1 Bc8e6
10.c3  { time }
1-0

[Event "Match"]
[Site "www.echecsemail.com"]
[Date "2015.05.07"]
[Round "1"]
[White "F14"]
[Black "Castletyme"]
[WhiteElo "1599"]
[BlackElo "1870"]
[Result "0-1"]
[Round "1"]
1.e4 e6
2.d4 d5
3.e5 Nb8c6
4.Ng1f3 h6
5.Bf1b5 Bc8d7
6.O-O Ng8e7
7.c4 dxc4
8.Bb5xc4 Ne7g6
9.Nb1c3 Qd8e7
10.Bc1e3 O-O-O
11.d5 exd5
12.Nc3xd5 Qe7e8
13.Rf1e1 Bd7g4
14.Qd1e2 Ng6xe5
15.Bc4b3 Ne5xf3
16.gxf3 Bg4h3
17.Be3f4 Qe8xe2
18.Re1xe2 Nc6d4
19.Re2e3 Nd4xb3
20.axb3 Rd8xd5
21.Re3c3 c6
22.Rc3c1 g5
23.Bf4e3 Kb8
24.Be3xa7 Kc7
25.Rc1c4 h5
26.f4 gxf4
27.Rc4d4 Rd5xd4
28.Ba7xd4 Rh8h6
29.Bd4e5 Kd7
30.Be5xf4 Rh6g6
31.Kh1 Bh3g2
32.Kg1 Bg2e4
33.Kf1 Be4d3
34.Ke1 Bf8b4
{ resign }
0-1

[Event "Match"]
[Site "www.echecsemail.com"]
[Date "2015.05.07"]
[Round "1"]
[White "Hundegana"]
[Black "Andradamaria"]
[WhiteElo "1970"]
[BlackElo "2119"]
[Result "1-0"]
[Round "1"]
1.e4 c5
2.Bf1c4 e6
3.Ng1f3 Nb8c6
4.O-O a6
5.a4 Ng8f6
6.d3 d5
7.exd5 exd5
8.Rf1e1 Bf8e7
9.Bc4a2 Bc8e6
10.h3 O-O
11.c3 Qd8d7
12.Bc1f4 Rf8e8
13.Nb1d2 Ra8d8
14.d4 c4
15.Ba2b1 h6
16.Nf3h2 g5
17.Bf4g3 Be7d6
18.Bg3xd6 Qd7xd6
19.Qd1f3 Nc6e7
20.Qf3xf6 Be6c8
21.Qf6xd6 Rd8xd6
22.Bb1c2 Rd6e6
23.Re1xe6 Bc8xe6
24.Nd2f3 { resign }
1-0

[Event "Match"]
[Site "www.echecsemail.com"]
[Date "2015.05.07"]
[Round "1"]
[White "Bbking"]
[Black "F14"]
[WhiteElo "1470"]
[BlackElo "1860"]
[Result "1-0"]
[Round "1"]
1.e4 c5
2.Ng1f3 d6
3.d4 cxd4
4.Nf3xd4 Ng8f6
5.Nb1c3 e5
6.Nd4f3 Bf8e7
7.Bf1b5 Bc8d7
8.Bb5xd7 Nb8xd7
9.Bc1g5 O-O
10.Bg5xf6 Nd7xf6
11.O-O Qd8b6
12.Nc3d5 Nf6xd5
13.Qd1xd5 Qb6xb2
14.c4 Ra8c8
15.h3 Rc8c5
16.Qd5d3 Qb2b4
17.Rf1c1 h6
18.a3 Qb4b6
19.Ra1b1 Qb6c7
20.a4 Rf8c8
21.Rb1b4 b6
22.g4 a6
23.Kf1 a5
24.Rb4b5 f6
25.Kg2 Rc5xc4
26.Rc1xc4 Qc7b7
27.Rc4xc8 Qb7xc8
28.Rb5xb6 Qc8c7
29.Qd3a6 Be7f8
30.Qa6xa5 Kh7
31.Rb6a6 Qc7c4
32.Ra6a8 Kg8
33.Qa5d8 Qc4f7
34.h4 g5
35.hxg5 hxg5
36.a5 { resign }
1-0

[Event "Match"]
[Site "www.echecsemail.com"]
[Date "2015.05.07"]
[Round "1"]
[White "F14"]
[Black "Gorski"]
[WhiteElo "1880"]
[BlackElo "1130"]
[Result "1-0"]
[Round "1"]
1.d4 d5
2.c4 Ng8f6
3.Nb1c3 e6
4.Qd1c2 Bf8c5
5.dxc5 dxc4
6.Bc1g5 Qd8d4
7.Bg5e3 Qd4e4
8.Nc3xe4 Nf6g4
9.Be3d4 e5
10.Bd4c3 Bc8f5
11.h3 Ng4h6
12.Qc2a4 c6
13.Ne4d6 Kd7
14.Ra1d1 b5
15.Qa4a5 e4
16.Nd6xf7 Ke8
17.Nf7xh8 Nb8d7
18.Bc3xg7 e3
19.Bg7xh6 exf2
20.Kxf2 Bf5c2
21.Rd1d2 Nd7e5
22.Rd2xc2 Ra8d8
23.Qa5xa7 Rd8d1
24.Qa7b8 Kd7
25.Rc2d2 Ne5d3
26.Kg3 Rd1xf1
27.Qb8b7 Ke6
28.Qb7xc6 Kf5
29.Qc6d5 Kf6
30.Qd5f7 { resign }
1-0

[Event "Match"]
[Site "www.echecsemail.com"]
[Date "2015.05.07"]
[Round "1"]
[White "Guidom"]
[Black "F14"]
[WhiteElo "2070"]
[BlackElo "1860"]
[Result "1-0"]
[Round "1"]
1.e4 c5
2.Ng1f3 d6
3.c4 Nb8c6
4.d3 Ng8f6
5.Nb1c3 e6
6.Bf1e2 Bf8e7
7.O-O O-O
8.Bc1g5 Qd8c7
9.Ra1c1 Nf6h5
10.Bg5xe7 Qc7xe7
11.Nf3d2 Nh5f6
12.f4 a6
13.h3 Nc6d4
14.g4 b5
15.b3 bxc4
16.dxc4 e5
17.f5 Bc8b7
18.Be2d3 h6
19.Nd2f3 Bb7c6
20.Nf3xd4 exd4
21.Nc3d5 Bc6xd5
22.exd5 Qe7e3
23.Kg2 Qe3e7
24.Qd1f3 Qe7d7
25.Rc1e1 Ra8e8
26.Qf3f4 Re8xe1
27.Rf1xe1 Rf8d8
28.Kf3 a5
29.h4 a4
30.Bd3c2 a3
31.g5 hxg5
32.hxg5 Nf6h5
33.Qf4h4 g6
34.fxg6 fxg6
35.Re1e6 Rd8f8
36.Ke4 Rf8f4
37.Qh4xf4 Nh5xf4
38.Kxf4 Qd7f7
39.Re6f6 Qf7e7
40.Rf6xg6 Kf7
41.Rg6e6 Qe7d8
42.Re6h6 Ke7
43.Rh6h7 Kf8
44.Rh7h8 Ke7
45.Rh8xd8 Kxd8
46.Kf5 Ke7
47.g6 Kf8
48.Kf6 Kg8
49.Ke6 { resign }
1-0

[Event "Tourn. n8169"]
[Site "www.chess-mail.com"]
[Date "2015.05.08"]
[Round "1"]
[White "Cathar"]
[Black "Capitaine"]
[WhiteElo "2240"]
[BlackElo "2340"]
[Result "1/2-1/2"]
[Round "1"]
1.e4 c5
2.Ng1f3 d6
3.d4 cxd4
4.Nf3xd4 Ng8f6
5.Nb1c3 g6
6.Bc1e3 Bf8g7
7.f3 O-O
8.Qd1d2 Nb8c6
9.O-O-O Bc8d7
10.g4 Ra8c8
11.h4 h5
12.gxh5 Nf6xh5
13.Rh1g1 a6
14.Bf1e2 b5
15.Nc3d5 Kh7
16.f4 e6
17.Be2xh5 exd5
18.Nd4xc6 Bd7xc6
19.exd5 Bc6d7
20.Bh5g4 Bd7xg4
21.Rg1xg4 Qd8f6
22.Be3d4 Qf6xd4
23.Qd2xd4 Bg7xd4
24.Rd1xd4 Rf8e8
25.Rg4g5 Re8e2
26.c3 Rc8e8
27.f5 Re2f2
28.fxg6 fxg6
29.Rd4d2 Rf2xd2
30.Kxd2 Kh6
31.Rg5g4 Re8e5
32.Rg4d4 Kh5
33.Kc2 Re5e2
34.Kb3 Re2h2
35.a4 Rh2xh4
36.Rd4xh4 Kxh4
37.axb5 axb5
38.c4 bxc4
39.Kxc4 g5
40.b4 { draw }
1/2-1/2

[Event "Tourn. n8185"]
[Site "www.chess-mail.com"]
[Date "2015.05.08"]
[Round "1"]
[White "Woodpusher2"]
[Black "Chessfan"]
[WhiteElo "2600"]
[BlackElo "2370"]
[Result "1/2-1/2"]
[Round "1"]
1.d4 Ng8f6
2.c4 e6
3.Ng1f3 d5
4.Nb1c3 Bf8e7
5.Bc1f4 O-O
6.e3 Nb8d7
7.Qd1c2 c5
8.Ra1d1 Qd8a5
9.Nf3d2 cxd4
10.exd4 dxc4
11.Nd2xc4 Qa5d8
12.Bf1d3 Nd7b6
13.O-O Bc8d7
14.Nc4xb6 Qd8xb6
15.d5 Rf8d8
16.Bf4e3 Qb6c7
17.h3 h6
18.dxe6 Bd7xe6
19.Bd3f5 Be6xf5
20.Qc2xf5 a6
21.Rd1c1 Qc7d6
22.Rf1e1 Ra8c8
23.Qf5f3 Qd6b4
24.Re1e2 Rd8d7
25.g3 Rc8c6
26.Kg2 Rc6d6
27.Rc1c2 Rd6d3
28.Rc2d2 Be7d8
29.a3 Qb4b3
30.Rd2xd3 Rd7xd3
31.Qf3f5 Qb3c4
32.Re2d2 Rd3xd2
33.Be3xd2 Kf8
34.Bd2e3 Bd8e7
35.Be3d2 Qc4c6
36.Qf5f3 Qc6xf3
37.Kxf3 Ke8
38.Nc3e2 { draw }
1/2-1/2

[Event "Tourn. n8139"]
[Site "www.chess-mail.com"]
[Date "2015.05.08"]
[Round "1"]
[White "Tartan"]
[Black "Cathar"]
[WhiteElo "2390"]
[BlackElo "2230"]
[Result "1-0"]
[Round "1"]
1.d4 e6
2.e4 d5
3.Nb1c3 Bf8b4
4.e5 c5
5.a3 Bb4xc3
6.bxc3 Qd8a5
7.Bc1d2 Qa5a4
8.Qd1b1 c4
9.Ng1f3 Nb8c6
10.h4 Bc8d7
11.h5 h6
12.Qb1b2 O-O-O
13.g3 Ng8e7
14.Bf1g2 Rd8f8
15.O-O g6
16.Ra1b1 b6
17.Qb2c1 Ne7g8
18.Nf3h2 gxh5
19.Nh2f3 Nc6e7
20.Rb1b4 Qa4a5
21.a4 Ne7g6
22.Qc1a3 Ng8e7
23.Rf1e1 h4
24.g4 f6
25.exf6 Rf8xf6
26.Nf3e5 Ng6xe5
27.Re1xe5 Ne7g6
28.Rb4xc4 dxc4
29.Re5xa5 bxa5
30.Qa3c5 Kd8
31.Qc5xa5 { resign }
1-0

[Event "Tourn. n8222"]
[Site "www.chess-mail.com"]
[Date "2015.05.08"]
[Round "1"]
[White "Drharislacan"]
[Black "Zazi"]
[WhiteElo "1699"]
[BlackElo "1610"]
[Result "0-1"]
[Round "1"]
1.e4 d5
2.exd5 Qd8xd5
3.Nb1c3 Qd5e5
4.Bf1e2 e6
5.Nc3b5 c6
6.d4 Qe5e4
7.Nb5c7 Kd7
8.Nc7xa8 Qe4xg2
9.Be2f3 Qg2g6
10.Ng1e2 f5
11.c4 Qg6f7
12.Qd1a4 Nb8a6
13.d5 Na6c5
14.dxc6 bxc6
15.Qa4xa7 Bc8b7
16.Na8b6 Kd8
17.Bc1g5 Ng8f6
18.Qa7b8 Ke7
19.Qb8d8 Kxd8
20.Nb6d7 Nc5xd7
21.Ne2f4 e5
22.Nf4e6 Qf7xe6
23.Bg5xf6 Nd7xf6
24.O-O-O Kc7
25.Rh1e1 Qe6xc4
26.Kb1 e4
27.Bf3e2 Qc4e6
28.Be2f1 Bf8b4
29.Re1e3 Rh8a8
30.a3 Bb4c5
31.Re3c3 Ra8b8
32.Bf1c4 Qe6e7
33.b4 Bc5xf2
34.Rd1c1 e3
35.Bc4f1 Qe7e4
36.Rc3c2 c5
37.bxc5 Bb7d5
38.Ka1 Qe4d4
39.Rc2b2 Qd4xb2
{ resign }
0-1

[Event "Tourn. n8061"]
[Site "www.chess-mail.com"]
[Date "2015.05.08"]
[Round "1"]
[White "Fjpv"]
[Black "Obisporey"]
[WhiteElo "2590"]
[BlackElo "2450"]
[Result "1-0"]
[Round "1"]
1.e4 c6
2.d4 d5
3.e5 Bc8f5
4.Ng1f3 e6
5.Bf1e2 Ng8e7
6.O-O Nb8d7
7.Nb1c3 Bf5g4
8.Nf3e1 Bg4xe2
9.Nc3xe2 c5
10.c3 Ne7c6
11.Bc1e3 Bf8e7
12.Ne1d3 O-O
13.Ne2f4 c4
14.Nd3e1 Qd8b6
15.b3 Qb6a6
16.Ne1c2 Rf8e8
17.Qd1g4 Nd7f8
18.Rf1d1 Ra8c8
19.Nf4h5 Nf8g6
20.f4 cxb3
21.axb3 Qa6b5
22.Be3d2 Nc6a5
23.Ra1b1 Rc8c6
24.f5 exf5
25.Qg4xf5 Rc6a6
26.Nc2e3 Na5xb3
27.Rd1f1 Re8f8
28.Qf5g4 Be7d8
29.Ne3f5 Qb5xf1
30.Rb1xf1 Nb3xd2
31.Rf1e1 Ra6c6
32.Nh5f4 Nd2e4
33.h4 Bd8xh4
34.Nf4xg6 Bh4f2
35.Kh2 Rc6xg6
36.Nf5e7 Kh8
37.Ne7xg6 hxg6
38.Re1f1 Kg8
39.Qg4d7 { resign }
1-0

[Event "Tourn. n8180"]
[Site "www.chess-mail.com"]
[Date "2015.05.08"]
[Round "1"]
[White "Powerchess"]
[Black "Julianlore"]
[WhiteElo "1460"]
[BlackElo "1499"]
[Result "0-1"]
[Round "1"]
1.d4 Ng8f6
2.c4 e6
3.Ng1f3 Bf8b4
4.Bc1d2 Qd8e7
5.a3 Bb4xd2
6.Nb1xd2 d6
7.e4 e5
8.d5 O-O
9.Bf1e2 Nb8d7
10.b4 a5
11.O-O b6
12.Qd1c2 Bc8b7
13.Rf1e1 g6
14.Nd2b3 c6
15.Ra1d1 axb4
16.axb4 Kg7
17.Rd1a1 Rf8c8
18.Ra1xa8 Bb7xa8
19.Qc2d2 Nf6xe4
20.Qd2c2 cxd5
{ resign }
0-1

[Event "Tourn. n8123"]
[Site "www.chess-mail.com"]
[Date "2015.05.08"]
[Round "1"]
[White "Aperturaf"]
[Black "Manolinex"]
[WhiteElo "2430"]
[BlackElo "2730"]
[Result "0-1"]
[Round "1"]
1.e4 c5
2.Ng1f3 d6
3.d4 cxd4
4.Qd1xd4 Nb8c6
5.Bf1b5 Bc8d7
6.Bb5xc6 Bd7xc6
7.c4 Ng8f6
8.Nb1c3 g6
9.O-O Bf8g7
10.Qd4d3 O-O
11.Nf3d4 Nf6g4
12.b3 Qd8b6
13.Nd4xc6 bxc6
14.h3 Ng4e5
15.Qd3c2 c5
16.Bc1g5 Qb6b7
17.Ra1b1 Ne5c6
18.Qc2c1 Bg7xc3
19.Qc1xc3 a5
20.Rf1e1 Rf8b8
21.Bg5h6 f6
22.Qc3d2 g5
23.h4 gxh4
24.Re1e3 Kh8
25.Re3h3 Nc6d4
26.Qd2d3 Rb8g8
27.Rh3xh4 f5
28.Kh2 e5
29.Bh6d2 Ra8f8
30.Rb1f1 Rf8f6
31.Bd2xa5 fxe4
32.Rh4xe4 Rf6h6
33.Kg1 Qb7f7
34.f3 Qf7g6
35.g4 Qg6h5
{ resign }
0-1

[Event "Tourn. n8152"]
[Site "www.chess-mail.com"]
[Date "2015.05.08"]
[Round "1"]
[White "Maredocla"]
[Black "Hali"]
[WhiteElo "2070"]
[BlackElo "2150"]
[Result "0-1"]
[Round "1"]
1.f4 e5
2.fxe5 d6
3.exd6 Bf8xd6
4.Ng1f3 Bc8g4
5.e3 Nb8d7
6.Bf1e2 Bg4xf3
7.Be2xf3 Qd8h4
8.g3 Bd6xg3
9.hxg3 Qh4xg3
10.Ke2 O-O-O
11.Rh1g1 Qg3e5
12.c3 Qe5b5
13.d3 Nd7e5
14.Bf3e4 Ng8f6
15.Nb1a3 Qb5a6
16.Be4f5 Kb8
17.Rg1xg7 Rh8e8
18.c4 Nf6d7
19.d4 Qa6f6
20.Bf5xd7 Rd8xd7
21.Qd1g1 Ne5f3
22.Qg1g4 Rd7xd4
23.Qg4xf3 Qf6xg7
24.Bc1d2 Rd4g4
25.Bd2c3 Qg7g6
26.Ra1f1 Rg4g3
27.Qf3xf7 Rg3xe3
28.Kd2 Qg6g5
29.Kc2 h5
30.Qf7f2 Re3e2
31.Qf2xe2 Re8xe2
32.Kb3 b6
33.Na3b5 h4
34.Rf1f8 Kb7
35.Rf8f7 Qg5g3
36.Rf7g7 Qg3f4
37.Rg7h7 a6
38.Nb5xc7 Qf4xc7
39.Rh7xh4 b5
40.a3 bxc4
41.Rh4xc4 Qc7f7
42.Kb4 Qf7d5
43.a4 a5
44.Kb3 Re2e4
{ resign }
0-1

[Event "Match"]
[Site "www.echecsemail.com"]
[Date "2015.05.08"]
[Round "1"]
[White "Chtoubidou"]
[Black "Vinvangogh"]
[WhiteElo "1930"]
[BlackElo "1520"]
[Result "1-0"]
[Round "1"]
1.d4 Ng8f6
2.Ng1f3 Nf6e4
3.Bc1f4 d5
4.e3 Bc8g4
5.h3 Bg4f5
6.Bf1d3 e6
7.Nb1c3 Ne4xc3
8.bxc3 Bf8d6
9.Bf4xd6 Qd8xd6
10.Qd1b1 Bf5xd3
11.cxd3 Nb8c6
12.O-O h5
13.c4 dxc4
14.dxc4 g5
15.c5 Qd6d7
16.Qb1xb7 Ke7
17.Qb7a6 g4
18.Nf3e5 Nc6xe5
19.dxe5 Rh8h6
20.Ra1d1 Qd7e8
21.Qa6a3 Kf8
22.c6 Kg8
23.Rd1d7 gxh3
24.gxh3 f5
25.Qa3e7 Qe8xe7
26.Rd7xe7 Ra8f8
27.Re7xc7 Rh6h7
28.Rc7b7 f4
29.exf4 Rf8xf4
30.c7 Rf4f8
31.Rf1d1 Kg7
32.c8Q Kh6
33.Qc8xf8 Kg6
34.Qf8f6 { resign }
1-0

[Event "Match"]
[Site "www.echecsemail.com"]
[Date "2015.05.08"]
[Round "1"]
[White "Vinvangogh"]
[Black "Gatoss"]
[WhiteElo "1550"]
[BlackElo "1910"]
[Result "0-1"]
[Round "1"]
1.e4 c5
2.Ng1f3 d6
3.Bf1b5 Bc8d7
4.Bb5xd7 Qd8xd7
5.b3 e6
6.Nf3g5 Ng8f6
7.e5 dxe5
8.d3 Nb8c6
9.Bc1b2 Bf8e7
10.Qd1f3 h6
11.d4 hxg5
12.dxc5 Be7xc5
13.Nb1c3 Nc6d4
14.Qf3d1 Nf6d5
15.Nc3xd5 exd5
16.Bb2xd4 Bc5xd4
17.Ra1c1 Qd7f5
18.O-O Qf5h7
19.h3 Ra8c8
20.Qd1g4 f6
21.Qg4xc8 Kf7
22.Qc8xb7 Kg6
23.c3 Bd4c5
24.Rc1e1 g4
25.Qb7xd5 gxh3
26.Qd5xc5 hxg2
27.Kxg2 Qh7h3
28.Kg1 Qh3h2

0-1